000 00528nam a2200181 a 4500
001 33452
005 20180714001354.0
008 140415s1965 mx 000 0 spa d
041 _aspa
082 _a620.11
_bBRA
100 1 _aBRADY, GEORGE S.
245 1 0 _aMANUAL DE MATERIALES
250 _a1a ed.
260 _aMEXICO :
_bCOMPAÑIA EDITORIAL CONTINENTAL,
_c1965
300 _a1180
650 1 4 _aESFUERZO Y TENSION
_xINGENIERIA
_xMATERIALES
_xMECANICA
_xTORSION
700 1 _aAGUIRRE CARRASCO, GABRIEL
_etr.
999 _c33452
_d33452